| Tag |
First Indicator |
Second Indicator |
Subfields |
| LEADER |
00000cam a2200000 4500 |
| 001 |
in00000025284 |
| 005 |
20151007061143.0 |
| 008 |
750214s1959 nyua 00000 eng u |
| 010 |
|
|
|a 59013140
|
| 035 |
|
|
|a (OCoLC)01173304
|
| 035 |
|
|
|9 AAD1261AM
|
| 040 |
|
|
|c BNG
|d TXA
|d UtOrBLW
|
| 049 |
|
|
|a TXAM
|c [315093]
|
| 050 |
|
0 |
|a NC1420
|b .B4
|
| 082 |
0 |
|
|a 741.5973
|
| 092 |
|
|
|a 741.509
|b B396c
|
| 100 |
1 |
|
|a Becker, Stephen D.,
|d 1927-
|
| 245 |
1 |
0 |
|a Comic art in America ;
|b a social history of the funnies, the political cartoons, magazine humor, sporting cartoons, and animated cartoons /
|c With an introd. by Rube Goldberg.
|
| 264 |
|
1 |
|a New York :
|b Simon and Schuster,
|c 1959.
|
| 300 |
|
|
|a xi, 387 pages :
|b illustrations ;
|c 29 cm.
|
| 336 |
|
|
|a text
|b txt
|2 rdacontent
|
| 337 |
|
|
|a unmediated
|b n
|2 rdamedia
|
| 338 |
|
|
|a volume
|b nc
|2 rdacarrier
|
| 650 |
|
0 |
|a American wit and humor, Pictorial
|x History and criticism.
|
| 650 |
|
0 |
|a Caricature
|z United States
|x History.
|
| 999 |
|
|
|a MARS
|
| 999 |
f |
f |
|s a43c3b6a-c464-363f-aa43-3dc5c3386812
|i bf801d84-5c82-3c49-a86a-d0e79c612e32
|t 0
|
| 952 |
f |
f |
|p normal
|a Texas A&M University
|b College Station
|c Sterling C. Evans Library
|d Evans: Library Stacks
|t 0
|e NC1420 .B4
|h Library of Congress classification
|i unmediated -- volume
|m A14801148890
|
| 998 |
f |
f |
|a NC1420 .B4
|t 0
|l Evans: Library Stacks
|